Normal view
MARC view
- Pacific Crest Trail
Entry Geographic Name
001 - CONTROL NUMBER
- control field: 95405
003 - CONTROL NUMBER IDENTIFIER
- control field: NUST
005 - DATE AND TIME OF LATEST TRANSACTION
- control field: 20220726193607.0
008 - FIXED-LENGTH DATA ELEMENTS
- fixed length control field: 220726|| aca||aabn | a|a d
040 ## - CATALOGING SOURCE
- Original cataloging agency: NUST
- Transcribing agency: NUST
151 ## - HEADING--GEOGRAPHIC NAME
- Geographic name: Pacific Crest Trail
- General subdivision: Description and travel
670 ## - SOURCE DATA FOUND
- Source citation: Work cat.: (NUST)0: Strayed, Cheryl, 1968- 95403, Wild :, 2013.
